Statystyki dla seriale disney'a

Kliknij tutaj aby rozwiązać quiz!

Ogólne statystyki

  • Ten quiz został rozwiązany 19 razy
  • Średni wynik to 6 z 17

Statystyki odpowiedzi

% Poprawnych
4hannah montana
88%
5jessie
76%
6nie ma to jak hotel
65%
9powodzenia charlie
65%
3czarodzieje z waverly place
59%
7austin i ally
47%
2blog na cztery łapy
41%
1Liv i Maddie
35%
17raven na chacie
35%
10dziewczyna poznaje swiat
29%
11fineasz i ferb
29%
12nadzdolni
24%
14oboz kikiwaka
24%
8k.c. nastoletnia agentka
18%
15biedronka i czarny kot
12%
13bizaardvark
0%
16sydney na maxa
0%

Rozkład punktacji

Percentyl według liczby udzielonych odpowiedzi

Procent ludzi z każdym wynikiem

Twoja historia wyników

Nie rozwiązałeś tego quizu